00000000nam##2200000za#4500
0019.647866
003CaOODSP
00520210615112823
007ta
008150407|2001||||xxc|||||     f|0| 0 eng|d
020 |a0-662-29318-5
040 |aCaOODSP|beng
043 |an-cn---
0861 |aM92-201/2000E
1101 |aCanada.|bNatural Resources Canada. |bOffice of Energy Efficiency.
24514|aThe federal buildings initiative : |ban executive overview
260 |aOttawa - Ontario : |bNatural Resources Canada. |c2001.
300 |a15p. ; |c28 cm.
500 |a"This overview explain the Federal Building Initiative (FBI). In general terms, its purpose is to give executives the information necessary to understand the Initiative - its environmental benefits, financial advantages, and certain key aspects of its implementation."--Introduction.
5203 |aThis overview explain the Federal Building Initiative (FBI). In general terms, its purpose is to give executives the information necessary to understand the Initiative - its environmental benefits, financial advantages, and certain key aspects of its implementation.--Introduction
563 |aSoftcover
590 |a01-29|b2001-07-20
69007|aEnergy efficiency|2gcpds
69007|aFederal government|2gcpds
69007|aPublic administration|2gcpds
69007|aContracting|2gcpds
77508|tL'Initiative des bâtiments fédéraux : |w(CaOODSP)9.681248
7760#|tThe Federal Buildings Initiative : |w(CaOODSP)9.695436